000
00305nam a22001457a 4500
003
SGT
020
_a
978935283734
082
_a
537
_b
MUR
100
_a
MURUGESHAN R.
245
_a
ELECTRICITY AND MAGNETISM
250
_a
10TH
260
_a
INDIA
_b
S.CHAND
_c
2018
300
_a
478
942
_2
ddc
_c
BK
_0
1
999
_c
22659
_d
22659